000 00530pab a2200193 454500
008 180718b2012 xxu||||| |||| 00| 0 eng d
100 _aNguyan, Ha Trong
245 _aMonetary transfer from children and the labour supply of elderly parents: Evidence from Vietnam
260 _c2012
300 _ap.1177-1191.
362 _aAug
650 _aElderly - Vietnam
650 _aElderly
700 _aBooth, Alison L.
700 _aLiu, Amy Y.C.
773 _aJournal of Development Studies
908 _aN
909 _a97775
999 _c97774
_d97774